000 00829nam a2200181 i 4500
001 189266
003 ES-MaACL
005 20251203063035.0
008 190516s1850 fr |||| | fre d
100 1 _aSchulz, Guillermo,
_d1805-1877
_9104793
245 1 0 _aNotice sur une pyrite stannifère (ballestérosite) et sur quelques gisements d'étain en Espagne /
_cpar Guillaume Schulz et Adrien Paillette.
260 _aParis :
_b[s.n.],
_c1850 (
_fImp. de L. Martinez)
300 _a12 p. ;
_c21 cm.
650 4 _aPiritas-
_zEspaña.
_9167034
700 1 _aPaillette, Adrien.
_9167035
852 _aES-MaACL
_jB-8925(2)
_z.- Legado de Federico de Botella y de Hornos
_z.- Encuadernado en un vol. facticio agrupado con el nombre en el lomo: España, geología, memorias y documentos varios 9 a 19
999 _c189266
_d189266